000
00238nam a2200097Ia 4500
001
718370
005
20250826163022.0
008
250824s9999 xx 000 0 und d
245
0
_a
AŞKA LAYLA
_c
YELİZ PESENKURDU
260
_b
DESTEK YAYINLARI
999
_c
718370
_d
718370